000 00335nam a2200157Ia 4500
005 20250425160826.0
008 250425s9999 xx 000 0 und d
041 _aspa
082 _a671.25
245 0 _aARENAS DE MOLDEO
250 _aS.E.
260 _aS.L.
260 _aSin Pais
_bESPOL
_c1978
942 _c01
010 _a6199
999 _c196923
_d196923